States and Territories Established in 1955 on a Map - Statistics

General Stats
  • This quiz has been taken 27 times
  • The average score is 4 of 19
Answers on the Map
Answers color-coded by a green-red scale on the quiz's map according to % correct below.
 
Answer Stats
Answer % Correct
Republic of Austria
90%
Republic of Vietnam
80%
East Pakistan
65%
West Pakistan
60%
Xinjiang
45%
Cocos (Keeling) Islands
40%
French Southern and Antarctic Lands
20%
Formosa
10%
Chubut
5%
Neuquen
5%
Santiago
5%
Baixia
0%
Bône
0%
Canglang
0%
Jinchang
0%
Leimebamba
0%
Marcona
0%
Pingjiang
0%
Xiaguan
0%
No matching quizzes found
Score Distribution
Percent of People with Each Score
Percentile by Number Answered
Your Score History
You have not taken this quiz